| 000 | 01176cam a2200241 4500 | ||
|---|---|---|---|
| 001 | ABS62561 | ||
| 008 | 000000n2000 000 0 eng u | ||
| 035 | _a(Sirsi) u107342 | ||
| 100 | _aBingham, T. | ||
| 245 | _aHow much of what? | ||
| 260 | _c2000 | ||
| 490 |
_aBuilding _v265(8142) 23 June 2000, 63(1) |
||
| 520 | _aLooks at the payment notice - the notice of withholding - in the case of "Strathmore Building Services Ltd v Colin Scott Greig t/a Hestia Fireside Design" which relates to a particular Standard Form Contract, the JCT Works Contractors Design 1998. Advises that it is worth carefully checking contract documents since some contracts state the amber notice only need indicate amount being withheld, whilst others say to list the amount due, less the amounts to be withheld. | ||
| 590 | _aABS | ||
| 650 | _aPAYMENT NOTICES | ||
| 650 | _aCONTRACT DOCUMENTS | ||
| 650 | _aHOUSING GRANTS, CONSTRUCTION AND REGENERATION ACT 1996 | ||
| 650 | _aSTRATHMORE BUILDING SERVICES LTD V COLIN SCOTT GREIG T/A HESTIA FIRESIDE DESIGN | ||
| 650 | _aSCOTLAND | ||
| 650 | _aWITHOLDING FEES | ||
| 690 | _aBUILT ENVIRONMENT-BUILDING CONTRACT FORMS | ||
| 942 | _n0 | ||
| 999 |
_c64180 _d64180 |
||